Current New York Knicks roster - Statistics

General Stats
  • This quiz has been taken 1,028 times
  • The average score is 5 of 15
Answer Stats
Answer % Correct
Carmello Anthony
98%
J.R Smith
62%
Tyson Chandler
62%
A'mare Stoudemire
53%
Iman Shumpert
49%
Jeremy Lin
43%
Jason Kidd
39%
Steve Novak
32%
Landry Fields
19%
Baron Davis
15%
Marcus Camby
14%
Jared Jeffries
13%
Mike Bibby
11%
James White
5%
Dan Gadzuric
4%
No matching quizzes found
Score Distribution
Percent of People with Each Score
Percentile by Number Answered
Your Score History
You have not taken this quiz